Lengua y literatura : introducción a la lingüística y la teoría literaria /
Guardado en:
| Autor Principal: | |
|---|---|
| Otros Autores: | , , |
| Formato: | Libro |
| Publicado: |
Buenos Aires :
Aique,
1999
|
| Edición: | 2a. ed. |
| Materias: | |
| Etiquetas: |
Agregar Etiqueta
Sin Etiquetas, Sea el primero en etiquetar este registro!
|
| LEADER | 00778nam a22002655a 4500 | ||
|---|---|---|---|
| 001 | CEM.cems016458 | ||
| 005 | 20120829164231.0 | ||
| 008 | 130507s1999##################000#0#####d | ||
| 003 | CEMS | ||
| 020 | |a 9507015299 | ||
| 082 | 0 | 4 | |a 468 |
| 100 | 1 | |a Atorresi, Ana | |
| 245 | 1 | 0 | |a Lengua y literatura : |b introducción a la lingüística y la teoría literaria / |c Ana Atorresi, Mara Bannon y Laura Kornfeld |
| 250 | |a 2a. ed. | ||
| 260 | |a Buenos Aires : |b Aique, |c 1999 | ||
| 300 | |a 47 p. | ||
| 653 | |a Lengua | ||
| 653 | |a Lengua y literatura | ||
| 653 | |a Teoría literaria | ||
| 653 | |a Informe [lengua] | ||
| 653 | |a Literatura | ||
| 700 | 1 | |a Bannon, M. | |
| 700 | 1 | |a Gándara, S. | |
| 700 | 1 | |a Kornfeld, L. | |
| 859 | |a CEMS |b BIB. CEMS - Agricultura |h 468 |i At72 |p A0108.00 |t Ej.1 |v 1 |3 1 | ||
